Flags of the 2019 Rugby World Cup. - Statistics

General Stats
  • This quiz has been taken 253 times
  • The average score is 19 of 20
Answer Stats
Picture Hint Answer % Correct
Pool D Australia
99%
Pool C England
99%
France
99%
Japan
99%
Pool B New Zealand
99%
South Africa
99%
Wales
99%
Argentina
98%
Italy
98%
Scotland
98%
United States
98%
Canada
97%
Russia
97%
Georgia
96%
Fiji
93%
Uruguay
93%
Pool A Ireland
91%
Samoa
90%
Tonga
90%
Namibia
89%
No matching quizzes found
Score Distribution
Percent of People with Each Score
Percentile by Number Answered
Your Score History
You have not taken this quiz